|
|
|
|
| LEADER |
02179nam a2200577 a 4500 |
| 001 |
000711710 |
| 003 |
CZ BrMZK |
| 005 |
20040423171747.0 |
| 007 |
ta |
| 008 |
040419s2002 xr e 000 0dcze d |
| 015 |
|
|
|a cnb001239358
|
| 020 |
|
|
|a 80-86117-94-4
|q (brož.)
|
| 035 |
|
|
|a (OCoLC)56863300
|
| 040 |
|
|
|a ABA001
|b cze
|d BOA001
|
| 041 |
1 |
|
|a cze
|h und
|
| 043 |
|
|
|a e-yu---
|a e-ne---
|
| 045 |
|
|
|a x9y0
|
| 072 |
|
7 |
|a 341
|x Mezinárodní právo
|2 Konspekt
|9 16
|
| 080 |
|
|
|a (0:82-96)
|2 MRF
|
| 080 |
|
|
|a (042.5)
|2 MRF
|
| 080 |
|
|
|a 32-051
|2 MRF
|
| 080 |
|
|
|a 341.49:341.322.5
|2 MRF
|
| 080 |
|
|
|a 343.412
|2 MRF
|
| 080 |
|
|
|a 341.645
|2 MRF
|
| 080 |
|
|
|a 343.1
|2 MRF
|
| 080 |
|
|
|a 94(497.1)"1991/..."
|2 MRF
|
| 080 |
|
|
|a (497.1)
|2 MRF
|
| 080 |
|
|
|a (492)
|2 MRF
|
| 245 |
0 |
0 |
|a Souboj s prokletím :
|b Miloševič v Haagu /
|c [překlad Jan Hrobař]
|
| 246 |
3 |
3 |
|a Miloševič v Haagu
|
| 260 |
|
|
|a [Říčany] :
|b Orego,
|c 2002
|
| 300 |
|
|
|a 175 s. ;
|c 21 cm
|
| 500 |
|
|
|a Část. přeloženo
|
| 500 |
|
|
|a 500 výt.
|
| 500 |
|
|
|a Podstatnou část publ. tvoří obhajoba, přednesená Slobodanem Miloševičem
|
| 600 |
1 |
7 |
|a Milošević, Slobodan,
|d 1941-
|7 jn20010525080
|2 czenas
|
| 610 |
2 |
7 |
|a Mezinárodní tribunál pro bývalou Jugoslávii
|7 kn20030215041
|2 czenas
|
| 650 |
0 |
7 |
|a soudní procesy
|7 ph125856
|z Nizozemsko
|2 czenas
|
| 650 |
0 |
7 |
|a mezinárodní soudy
|7 ph122827
|z Nizozemsko
|2 czenas
|
| 650 |
0 |
7 |
|a jugoslávská krize, 1991-
|7 ph114841
|2 czenas
|
| 650 |
0 |
7 |
|a prezidenti
|7 ph124601
|z Jugoslávie
|2 czenas
|
| 650 |
0 |
7 |
|a stíhání válečných zločinů
|7 ph137983
|z Jugoslávie
|2 czenas
|
| 650 |
0 |
7 |
|a zločiny proti lidskosti
|7 ph127646
|z Jugoslávie
|2 czenas
|
| 655 |
|
7 |
|a projevy
|7 fd133137
|2 czenas
|
| 655 |
|
7 |
|a literatura faktu
|7 fd132773
|2 czenas
|
| 700 |
1 |
|
|a Milošević, Slobodan,
|d 1941-2006
|7 jn20010525080
|4 aut
|
| 700 |
1 |
|
|a Hrobař, Jan,
|d 1932-2010
|7 skuk0000607
|4 trl
|
| 856 |
4 |
1 |
|u http://www.digitalniknihovna.cz/mzk/uuid/uuid:cc78a740-6c32-11e2-8ed6-005056827e52
|y Digitalizovaný dokument
|x NDK
|
| 910 |
|
|
|a BOA001
|b 2-1134.010
|
| 990 |
|
|
|a BK
|
| 996 |
6 |
|
|b 2610217813
|c 2-1134.010
|l MZK
|r Sklad / do 1 hodiny
|n 13
|p p.v.
|w 000711710
|u 000010
|a 1
|e BOA001
|j MZK50
|s P
|